Statistiken für Staaten der USA mit der jüngsten Bevölkerung

Klicken Sie hier um das Quiz zu spielen!

Allgemein

  • Dieses Quiz wurde 214 mal gespielt
  • Das Durchschnittsergebnis liegt bei 6 aus 12

Antwortstatistiken

DurchschnittsalterStaat% Korrekt
36.5Kalifornien
84%
34.7Texas
77%
31.0Utah
49%
36.8Georgia
48%
36.7Kansas
47%
36.8Colorado
45%
36.6Oklahoma
40%
34.5Alaska
36%
36.3Idaho
36%
36.8Louisiana
36%
36.5Nebraska
34%
35.4North Dakota
33%

Verteilung der Resultate

Perzentil nach korrekt beantworteten Fragen

Anzahl Personen mit jedem Resultat

Ihre Resultats-Entwicklung

Sie haben dieses Quiz noch nicht gespielt